00987cam a22002651 4500001001300000003000400013005001700017008004100034010001700075035001900092040004700111042001200158050002400170082001000194100004200204245017600246260004100422300005100463410005800514500001700572504002500589650003500614650005500649999001700704gs 51000113 DLC20260227111357.0810709s1930 idu 000 0 eng c ags 51000113  a(OCoLC)7567635 aU. S. Geol. Survey. Libr.cGStGdGStGdDLC apremarc00aTN24.I2bA43 no. 90 a553.41 aAnderson, Alfred Leonard,d1900-1964.10aDetailed geology of certain areas in the Mineral Hill and Warm Springs mining districts, Blaine County, Idaho,cby A. L. Anderson, T. H. Kiilsgaard and V. C. Fryklund, Jr. aMoscow,bUniversity of Idaho,c1950. aviii, 73 p.bplates, maps (part fold.)c28 cm.20aIdaho Bureau of Mines and Geology.tPamphlet,vno. 90 aCover title. a"References" : p.73. 0aGeologyzIdahozBlaine County. 0aMines and mineral resourceszIdahozBlaine County. c28546d28546